Score 0/16 Timer 02:00
7 Plays Today
Question Answer Wrong Answers
Civic Honda
93%
Toyota
1.4%
Nissan
0.8%
Mitsubishi
0.6%
Corolla Toyota
91.2%
Honda
2.1%
Nissan
1.4%
Mitsubishi
1.1%
Accord Honda
90.6%
Toyota
2.3%
Nissan
1.5%
Mitsubishi
1.2%
Prius Toyota
84.5%
Honda
7.4%
Nissan
2.2%
Mitsubishi
1.7%
Camry Toyota
83.8%
Honda
4.6%
Nissan
3.6%
Mitsubishi
3.6%
Lancer Mitsubishi
75.7%
Honda
4.6%
Toyota
7.3%
Nissan
7.7%
Altima Nissan
73.8%
Honda
7.9%
Toyota
8.9%
Mitsubishi
4.7%
Galant Mitsubishi
68.7%
Honda
8.5%
Toyota
8.1%
Nissan
9.9%
Supra Toyota
65.2%
Honda
6.9%
Nissan
15%
Mitsubishi
8.1%
Colt Mitsubishi
58.7%
Honda
10.1%
Toyota
8.3%
Nissan
18.2%
Pajero Mitsubishi
56.6%
Honda
8.2%
Toyota
12.7%
Nissan
17.6%
Skyline Nissan
55.9%
Honda
13.9%
Toyota
8.5%
Mitsubishi
16.8%
GT-R Nissan
54.8%
Honda
13.9%
Toyota
8.7%
Mitsubishi
17.9%
Fairlady Z Nissan
47.5%
Honda
7.8%
Toyota
6.7%
Mitsubishi
32.8%
Legend Honda
42.3%
Toyota
10.5%
Nissan
16.3%
Mitsubishi
26.2%
NSX Honda
42.1%
Toyota
5.3%
Nissan
33%
Mitsubishi
14.9%

Today's Daily Dose

Remove Ads.
Support Sporcle.
Get the best of Sporcle when you Go Orange. This ad-free experience offers more features, more stats, and more fun while also helping to support Sporcle. Thank you for becoming a member.

You're not logged in!

Compare scores with friends on all Sporcle quizzes.
OR
Log In

Show Comments

Extras

Top Quizzes Today


Score Distribution

Your Account Isn't Verified!

In order to create a playlist on Sporcle, you need to verify the email address you used during registration. Go to your Sporcle Settings to finish the process.

Report this User

Report this user for behavior that violates our Community Guidelines.

Details: